000
00317nam a22001457a 4500
003
SGT
020
_a
978-0-07-43230-6
082
_a
616.01
_b
M17P
100
_a
PELCZAR, MICHAEL
245
_a
MICROBIOLOGY
260
_a
INDIA
_b
MC GRAW HILL
_c
2017
300
_a
918
650
_a
MICROBIOLOGY
942
_2
ddc
_c
BK
_0
25
999
_c
15865
_d
15865